| 000 | 00915nam a2200181 a 4500 | ||
|---|---|---|---|
| 001 | 000046128 | ||
| 005 | 20201002052645.0 | ||
| 008 | 110427s2012 dr r 000 0 spa d | ||
| 040 |
_aDO-SdBNP _bspa _cBNPHU |
||
| 082 |
_axxxx _bM953, 2012 |
||
| 245 | 0 | 0 | _aMujeres de febrero. |
| 250 | _a7a ed. | ||
| 260 |
_aSanto Domingo : _bSecretaría de Estado de la Mujer, _c2012. |
||
| 300 |
_a22 p. ; _c21 cm. |
||
| 504 | _aBibliografía : p. 22 | ||
| 505 | 1 | _aPresentación -- Frebrero el mes de la patria -- María Baltasara de los Reyes -- Josefa Antonia Pérez de la Paz (Chepita) -- Ana Valverde -- María Trinidad Sánchez -- Juana Saltitopa -- Concepción Bona -- Manuela Diez y Jiménez -- Rosa Duarte -- María de las Angustias Villa -- Filomena Gómez de Cova -- Rosa Montás de Duvergé -- Froilana Febles -- María de Jesús Pina -- Rosa Bastardo de Guillermo -- Bibliografía | |
| 590 | _aInventariado, 2019/BT | ||
| 999 |
_c45617 _d45617 |
||